[Event "Vallfogona de Balaguer Farre Mem 1st"]
[Site "Vallfogona de Balaguer"]
[Date "2022.05.07"]
[Round "3"]
[White "Niubo Parramon, Edgar"]
[Black "Bedoya Ribo, Jordi"]
[Result "1/2-1/2"]
[WhiteElo "1501"]
[BlackElo "1742"]
[PlyCount "45"]
[EventDate "2022.04.23"]
[EventType "swiss"]
[EventRounds "8"]
[EventCountry "ESP"]
[SourceTitle "EXT 2023"]
[Source "ChessBase"]
[SourceDate "2022.10.05"]
[SourceVersion "1"]
[SourceVersionDate "2022.10.05"]
[SourceQuality "1"]

1. d4 f5 2. c4 e6 3. Nf3 Nf6 4. e3 b6 5. Be2 Bb4+ 6. Bd2 a5 7. a3 Bxd2+ 8. Nbxd2 Bb7 9. a4 0-0 10. 0-0 Ne4 11. Ne5 d6 12. Nd3 Nxd2 13. Qxd2 Qg5 14. Ne1 e5 15. f4 exf4 16. exf4 Qg6 17. Bf3 Bxf3 18. Nxf3 Nd7 19. Rae1 Rae8 20. b4 axb4 21. Qxb4 Nf6 22. c5 dxc5 23. dxc5 1/2-1/2

[Event "Barcelona Lleida op"]
[Site "Barcelona"]
[Date "2019.05.18"]
[Round "5.9"]
[White "Estruch Andreu, Guim"]
[Black "Bedoya Ribo, Jordi"]
[Result "1-0"]
[WhiteElo "1848"]
[BlackElo "1748"]
[PlyCount "55"]
[EventDate "2019.04.06"]
[EventType "swiss"]
[EventRounds "9"]
[EventCountry "ESP"]
[SourceTitle "EXT 2024"]
[Source "ChessBase"]
[SourceDate "2023.10.10"]
[SourceVersion "1"]
[SourceVersionDate "2023.10.10"]
[SourceQuality "1"]

1. e4 Nf6 2. e5 Nd5 3. d4 d6 4. c4 Nb6 5. exd6 cxd6 6. Nc3 g6 7. h3 Bg7 8. Nf3 0-0 9. Be2 Nc6 10. 0-0 e5 11. Bg5 Qe8 12. c5 dxc5 13. dxc5 Nd7 14. Nb5 Nxc5 15. Nc7 Qd7 16. Nxa8 e4 17. Nh2 Qf5 18. Be3 Rd8 19. Qc1 Nd3 20. Bxd3 exd3 21. Nf3 Qh5 22. Qc5 Rd5 23. Qc4 Be6 24. Qh4 Qf5 25. Nc7 Ne5 26. Nxe5 Rxe5 27. Qd8+ Bf8 28. Bh6 1-0

[Event "Lleida-ch"]
[Site "Almenar"]
[Date "2018.11.18"]
[Round "7"]
[White "Parramon Guillaumet, Jaime"]
[Black "Bedoya Ribo, Jordi"]
[Result "1-0"]
[WhiteElo "1906"]
[BlackElo "1778"]
[PlyCount "29"]
[EventDate "2018.09.30"]
[EventType "swiss"]
[EventRounds "9"]
[EventCountry "ESP"]
[SourceTitle "CBM 187 Extra"]
[Source "ChessBase"]
[SourceDate "2018.11.04"]
[SourceVersion "1"]
[SourceVersionDate "2018.11.04"]
[SourceQuality "1"]

1. e4 Nf6 2. d3 d5 3. e5 Nfd7 4. e6 fxe6 5. c4 Nf6 6. f4 dxc4 7. Qa4+ Nc6 8. Qxc4 e5 9. Nf3 exf4 10. Bxf4 e6 11. Nc3 Bd6 12. Bg5 h6 13. Bh4 Ne5 14. Nxe5 Bxe5 15. Qb5+ 1-0

[Event "Lleida-ch"]
[Site "Almenar"]
[Date "2018.11.04"]
[Round "5"]
[White "Alba Tarradelles, Jose"]
[Black "Bedoya Ribo, Jordi"]
[Result "1/2-1/2"]
[WhiteElo "1822"]
[BlackElo "1778"]
[PlyCount "118"]
[EventDate "2018.09.30"]
[EventType "swiss"]
[EventRounds "9"]
[EventCountry "ESP"]
[SourceTitle "CBM 187 Extra"]
[Source "ChessBase"]
[SourceDate "2018.11.04"]
[SourceVersion "1"]
[SourceVersionDate "2018.11.04"]
[SourceQuality "1"]

1. d4 Nf6 2. c4 c5 3. d5 e6 4. Nc3 exd5 5. cxd5 d6 6. Nf3 g6 7. Bg5 Bg7 8. Qa4+ Bd7 9. Qf4 h6 10. Qe3+ Qe7 11. Qxe7+ Kxe7 12. Bf4 Nh5 13. Bd2 Bg4 14. 0-0-0 a6 15. h3 Bxf3 16. gxf3 Nd7 17. e4 Rhe8 18. Rg1 Kf8 19. Be2 b5 20. Rg2 b4 21. Na4 Be5 22. Bxh6+ Kg8 23. Rg4 Ndf6 24. Rh4 a5 25. Bb5 Reb8 26. Bc6 Ra7 27. Rg1 Bd4 28. Be3 Bxe3+ 29. fxe3 Re7 30. Rg5 c4 31. e5 Nh7 32. Rhxh5 Nxg5 33. Rxg5 dxe5 34. Nc5 Rd8 35. e4 Kg7 36. Nb7 Rb8 37. d6 Rexb7 38. Bxb7 Rxb7 39. Rxe5 Kf6 40. Rxa5 Ke6 41. e5 Rb8 42. f4 Rh8 43. Rc5 Rxh3 44. Rxc4 Rh4 45. b3 f6 46. Rd4 Rh7 47. d7 Rxd7 48. Rxd7 Kxd7 49. exf6 Ke6 50. a4 bxa3 51. b4 Kxf6 52. b5 Ke6 53. Kc2 Kd5 54. Kb3 Kc5 55. Kxa3 Kxb5 56. Kb3 Kc5 57. Kc3 Kd5 58. Kd3 Ke6 59. Ke3 Kf5 1/2-1/2

[Event "Lleida op"]
[Site "Lleida"]
[Date "2016.05.28"]
[Round "6.7"]
[White "Bedoya Ribo, Jordi"]
[Black "Ripoll Galvez, Guerau"]
[Result "1-0"]
[WhiteElo "1859"]
[BlackElo "1276"]
[PlyCount "47"]
[EventDate "2016.04.23"]
[EventType "swiss"]
[EventRounds "9"]
[EventCountry "ESP"]
[SourceTitle "EXT 2024"]
[Source "ChessBase"]
[SourceDate "2023.10.10"]
[SourceVersion "1"]
[SourceVersionDate "2023.10.10"]
[SourceQuality "1"]

1. d4 Nf6 2. c4 g6 3. Nc3 Bg7 4. e4 d6 5. Nf3 0-0 6. Be2 e5 7. 0-0 Nc6 8. d5 Ne7 9. Ne1 Nd7 10. f3 f5 11. Be3 f4 12. Bf2 g5 13. Nd3 Rf6 14. c5 a6 15. Qb3 Rh6 16. c6 Nc5 17. Nxc5 b6 18. Ne6 Qe8 19. Kh1 Qh5 20. Bg1 Ra7 21. Nd1 Ng6 22. Nf2 Qh4 23. Ng4 Rh5 24. Bf2 1-0

[Event "Lleida op"]
[Site "Lleida"]
[Date "2016.05.21"]
[Round "5.10"]
[White "Abadia Moreno, Ivan"]
[Black "Bedoya Ribo, Jordi"]
[Result "0-1"]
[WhiteElo "1798"]
[BlackElo "1859"]
[PlyCount "52"]
[EventDate "2016.04.23"]
[EventType "swiss"]
[EventRounds "9"]
[EventCountry "ESP"]
[SourceTitle "EXT 2024"]
[Source "ChessBase"]
[SourceDate "2023.10.10"]
[SourceVersion "1"]
[SourceVersionDate "2023.10.10"]
[SourceQuality "1"]

1. e4 c6 2. d4 d5 3. e5 c5 4. c3 Nc6 5. Bb5 Qb6 6. Qb3 a6 7. Bxc6+ Qxc6 8. Be3 c4 9. Qc2 Nh6 10. Nf3 Bf5 11. Qd2 Bd3 12. Na3 Qg6 13. Rg1 e6 14. Bxh6 gxh6 15. Qe3 Rg8 16. Kd2 h5 17. Ne1 Bh6 18. f4 Be4 19. b3 Qg4 20. g3 h4 21. Nec2 Qh3 22. g4 Qxh2+ 23. Qe2 Bxf4+ 24. Ne3 Qxe2+ 25. Kxe2 cxb3 26. axb3 h3 0-1

[Event "Catalunya-chT"]
[Site "Catalunya"]
[Date "2014.04.05"]
[Round "11.4"]
[White "Gonzalez Alonso, Francisco"]
[Black "Bedoya Ribo, Jordi"]
[Result "1/2-1/2"]
[WhiteElo "1892"]
[BlackElo "1871"]
[PlyCount "77"]
[EventDate "2014.01.25"]
[EventType "team"]
[EventRounds "11"]
[EventCountry "ESP"]
[SourceTitle "EXT 2015"]
[Source "ChessBase"]
[SourceDate "2014.11.20"]
[SourceVersion "1"]
[SourceVersionDate "2014.11.20"]
[SourceQuality "1"]
[WhiteTeam "Sitges"]
[BlackTeam "Lleida"]
[WhiteTeamCountry "ESP"]
[BlackTeamCountry "ESP"]

1. d4 d5 2. Nf3 Nf6 3. Bf4 e6 4. h3 c5 5. c3 Nc6 6. e3 Bd6 7. Bxd6 Qxd6 8. Be2 0-0 9. 0-0 e5 10. dxe5 Nxe5 11. Nxe5 Qxe5 12. Nd2 Bf5 13. Rc1 Rad8 14. Qa4 a6 15. Nf3 Qe7 16. Qd1 Rfe8 17. Re1 Qc7 18. Bd3 Be4 19. Qe2 Qa5 20. a3 Qb6 21. Rb1 Qa5 22. Nd2 Bxd3 23. Qxd3 d4 24. exd4 Rxe1+ 25. Rxe1 cxd4 26. cxd4 Qb6 27. Nb3 a5 28. Qc4 g6 29. a4 Rd7 30. Rc1 Kg7 31. Rc2 Nd5 32. Rd2 h6 33. Nc5 Rd8 34. Re2 Qc6 35. b3 Nf4 36. Re4 g5 37. Qb5 Rxd4 38. Qxc6 bxc6 39. Rxd4 1/2-1/2

[Event "Balaguer op 16th "]
[Site "Balaguer"]
[Date "2011.07.23"]
[Round "7"]
[White "Llobera Pujol, Rogeli"]
[Black "Bedoya Ribo, Jordi"]
[Result "0-1"]
[WhiteElo "1495"]
[BlackElo "1915"]
[PlyCount "44"]
[EventDate "2011.07.17"]
[EventType "swiss"]
[EventRounds "9"]
[EventCountry "ESP"]
[SourceTitle "CBM 143 Extra"]
[Source "ChessBase"]
[SourceDate "2011.08.29"]
[SourceVersion "1"]
[SourceVersionDate "2011.08.29"]
[SourceQuality "1"]

1. Nf3 d5 2. d4 Nf6 3. e3 e6 4. h3 c6 5. a3 Nbd7 6. Nbd2 Bd6 7. b4 0-0 8. Bb2 Qe7 9. c4 e5 10. cxd5 exd4 11. dxc6 dxe3 12. Bxf6 Nxf6 13. Nc4 exf2+ 14. Kxf2 Bc7 15. Bd3 Ne4+ 16. Bxe4 Qxe4 17. cxb7 Bxb7 18. Qb3 Bd5 19. Rhe1 Qxc4 20. Qxc4 Bxc4 21. Rac1 Bb6+ 22. Kg3 Bd5 0-1

[Event "Balaguer op 16th "]
[Site "Balaguer"]
[Date "2011.07.22"]
[Round "6"]
[White "Bedoya Ribo, Jordi"]
[Black "Arno Bendicho, Xenia"]
[Result "1/2-1/2"]
[WhiteElo "1915"]
[BlackElo "1631"]
[PlyCount "56"]
[EventDate "2011.07.17"]
[EventType "swiss"]
[EventRounds "9"]
[EventCountry "ESP"]
[SourceTitle "CBM 143 Extra"]
[Source "ChessBase"]
[SourceDate "2011.08.29"]
[SourceVersion "1"]
[SourceVersionDate "2011.08.29"]
[SourceQuality "1"]

1. Nf3 c5 2. g3 Nf6 3. Bg2 e6 4. 0-0 Be7 5. d3 Nc6 6. e4 d6 7. Nbd2 b6 8. c3 Bb7 9. Qe2 Qc7 10. Nc4 0-0 11. Bf4 Nh5 12. Be3 d5 13. exd5 exd5 14. Ncd2 Nf6 15. Bf4 Bd6 16. Bxd6 Qxd6 17. Rfe1 Rfe8 18. Qf1 h6 19. Rxe8+ Rxe8 20. Re1 Rxe1 21. Qxe1 Qe7 22. Qxe7 Nxe7 23. d4 c4 24. Ne5 Bc8 25. Nf1 Ng4 26. Nxg4 Bxg4 27. Ne3 Be6 28. f4 g6 1/2-1/2

[Event "Balaguer op 16th "]
[Site "Balaguer"]
[Date "2011.07.18"]
[Round "2"]
[White "Bedoya Ribo, Jordi"]
[Black "Flotats Ardiaca, Sergi"]
[Result "1-0"]
[WhiteElo "1915"]
[BlackElo "1640"]
[PlyCount "101"]
[EventDate "2011.07.17"]
[EventType "swiss"]
[EventRounds "9"]
[EventCountry "ESP"]
[SourceTitle "EXT 2012"]
[Source "ChessBase"]
[SourceDate "2011.11.24"]
[SourceVersion "1"]
[SourceVersionDate "2011.11.24"]
[SourceQuality "1"]

1. d4 d5 2. c4 c6 3. Nc3 Nf6 4. Nf3 e6 5. e3 Nbd7 6. Bd3 dxc4 7. Bxc4 b5 8. Bd3 Bb7 9. 0-0 Be7 10. e4 a6 11. e5 Nd5 12. Nxd5 cxd5 13. Be3 0-0 14. Rc1 h6 15. Nd2 f5 16. f4 Rc8 17. Rxc8 Qxc8 18. g4 Qe8 19. gxf5 exf5 20. Qf3 Qg6+ 21. Kh1 Nb6 22. Rc1 Ba8 23. Qg3 Qe6 24. Kg1 Nc4 25. b3 Nxe3 26. Qxe3 Bc6 27. Nf1 h5 28. Qh3 g6 29. Ne3 Kg7 30. Kf2 Bd7 31. Rg1 Kh7 32. Be2 Qf7 33. Qg2 Be6 34. Rc1 Bd8 35. Rc6 Qd7 36. Rxa6 Re8 37. Qf1 Qc7 38. Bxb5 Bh4+ 39. Kf3 Bd7 40. Bxd7 Qxd7 41. Qg2 Re6 42. Rxe6 Qxe6 43. Qc2 Qa6 44. a4 Qa5 45. Qc1 Qb4 46. Qc7+ Kh6 47. a5 Qe1 48. Qc2 Qxa5 49. Qc6 Qe1 50. Nxf5+ Kh7 51. Qd7+ 1-0

[Event "Balaguer op 16th "]
[Site "Balaguer"]
[Date "2011.07.17"]
[Round "1"]
[White "Moradiabadi, Elshan"]
[Black "Bedoya Ribo, Jordi"]
[Result "1-0"]
[WhiteElo "2532"]
[BlackElo "1915"]
[PlyCount "96"]
[EventDate "2011.07.17"]
[EventType "swiss"]
[EventRounds "9"]
[EventCountry "ESP"]
[SourceTitle "EXT 2012"]
[Source "ChessBase"]
[SourceDate "2011.11.24"]
[SourceVersion "1"]
[SourceVersionDate "2011.11.24"]
[SourceQuality "1"]

1. e4 c6 2. d3 d5 3. Nd2 dxe4 4. dxe4 e5 5. Ngf3 Qc7 6. Bc4 Bg4 7. 0-0 Nf6 8. b3 Bd6 9. Bb2 0-0 10. Re1 Nbd7 11. h3 Bh5 12. Nf1 b5 13. Bd3 Rad8 14. Ng3 Bg6 15. Nh4 Bb4 16. Rf1 Nc5 17. Qf3 Rd7 18. Rfd1 Rfd8 19. Nhf5 Ne6 20. h4 h5 21. a3 Bc5 22. Bc3 Ng4 23. Be1 Nd4 24. Nxd4 Bxd4 25. Rab1 Bc5 26. Nf1 Bxa3 27. b4 a5 28. bxa5 Bc5 29. Qe2 Rd6 30. Nh2 Nxh2 31. Kxh2 Qe7 32. f3 Qf6 33. Ra1 Bd4 34. c3 Bc5 35. Bc2 Qe6 36. Rxd6 Rxd6 37. a6 Ba7 38. Bf2 Qd7 39. Bxa7 Qxa7 40. Bb3 Kh7 41. c4 bxc4 42. Bxc4 f6 43. Bb3 c5 44. Qc4 Rd8 45. Qe6 Rf8 46. Qd6 Rc8 47. Be6 Ra8 48. Bc4 Rf8 1-0